书目信息 |
| 题名: |
教学参考书
|
|
| 作者: | ;人民教育出版社历史室 编著 | |
| 分册: | ||
| 出版信息: | 北京 人民教育出版社 1995 |
|
| 页数: | 355页 | |
| 开本: | 26cm | |
| 丛书名: | ||
| 单 册: | ||
| 中图分类: | G633.513 | |
| 科图分类: | ||
| 主题词: | 教育--各级 | |
| 电子资源: | ||
| ISBN: | 7-107-11589-8 | |
| 000 | 00706nam0 2200217 450 | |
| 001 | 0631729640 | |
| 005 | 20070719102817.32 | |
| 010 | @a7-107-11589-8@dCNY10.45 | |
| 100 | @a20061023d1995 km y0chiy0120 ea | |
| 101 | 0 | @achi |
| 102 | @aCN@b110000 | |
| 200 | 1 | @a教学参考书@Ajiao xue can kao shu@f人民教育出版社历史室编著@Fren min jiao yu chu ban she li shi shi bian zhu |
| 205 | @a2版 | |
| 210 | @a北京@c人民教育出版社@d1995 | |
| 215 | @a355页@d26cm | |
| 300 | @a本书为配合《世界近代现代史》上册(必修)而编 | |
| 606 | 0 | @a教育@x各级 |
| 690 | @aG633.513@v3 | |
| 711 | 0 | @a人民教育出版社历史室@Aren min jiao yu chu ban she li shi shi@4编著 |
| 801 | 0 | @aCN@bPFT@c20070719 |
| 905 | @a10447@dG633.513@e243:1=2 | |
| 教学参考书/人民教育出版社历史室编著.-2版.-北京:人民教育出版社,1995 |
| 355页;26cm |
| 本书为配合《世界近代现代史》上册(必修)而编 |
| ISBN 7-107-11589-8:CNY10.45 |
| ● |
| 相关链接 |
|
|
|
|
正题名:教学参考书
索取号:G633.513/243:1=2
 
预约/预借
| 序号 | 登录号 | 条形码 | 馆藏地/架位号 | 状态 | 备注 |
| 1 | 0504222 | 205042229 | 密集书库/ [索取号:G633.513/243:1=2] | 在馆 | |
| 2 | 0765080 | 207650807 | 密集书库/ [索取号:G633.513/243:1=2] | 在馆 | |
| 3 | 0768567 | 207685673 | 密集书库/ [索取号:G633.513/243:1=2] | 在馆 |